000 00900nmc a2200325 a 4500
003 AR-BaBNM
005 20251128204939.0
008 076019s1990 ||||||||||||||000 | spa||
020 _a968-16-3416-0
040 _cAR-BaBNM
100 1 _aBhaduri, Amit
245 1 0 _aMacroeconomía
_bla dinámica de la producción de mercancías
250 _a1ª ed.
260 _aBuenos Aires
_bFondo de Cultura Económica
_c1990
300 0 _a308 p.
490 0 _aTextos de economía
500 0 _aContiene referencias bibliográficas en p. 298
600 1 4 _aKeynes, John Maynard
650 4 _aMACROECONOMIA
650 4 _aPRODUCCION [TEORIA ECONOMICA]
650 4 _aPOLITICA ECONOMICA
650 4 _aECONOMIA
650 4 _aCAPITALISMO
650 4 _aMERCADOS
650 4 _aCOMERCIO INTERNACIONAL
650 4 _aDINERO
700 1 _aRoces, Carlos
_etraductor
942 _cBK
998 _cMARTIN
999 _c9448
_d9448